| 000 | 00454nam a2200193Ia 4500 | ||
|---|---|---|---|
| 005 | 20251020182525.0 | ||
| 008 | 200515s9999 xx 000 0 und d | ||
| 082 | _a691.328V/P32 | ||
| 100 | _aPAYA PEINADO, Miguel | ||
| 245 | 0 | _aHormigón vibrado y hormigones especiales | |
| 250 | _a7a ed. | ||
| 260 | _aBarcelona | ||
| 260 | _c1971 | ||
| 500 | _a1 ejemplar | ||
| 650 | _aCONCRETO | ||
| 650 | _aCONCRETO VIBRADO | ||
| 650 | _aLIB | ||
| 942 | _cLIB | ||
| 999 |
_c1869 _d1869 |
||